[Event "Obert Figueres Miquel Mas 2010"]
[Site "Figueres ESP"]
[Date "2010.08.12"]
[Round "2.28"]
[White "Cruanas Verdu, Joaquim"]
[Black "Mayer, Christian"]
[Result "0-1"]
[WhiteElo "1554"]
[BlackElo "1877"]
[PlyCount "78"]
[EventDate "2011.08.11"]
[EventType "swiss"]
[EventRounds "9"]
[EventCountry "ESP"]
[Source "lmi"]
[SourceDate "2010.08.11"]

1. e4 c6 2. d4 d5 3. Nc3 dxe4 4. Nxe4 Bf5 5. Ng3 Bg6 6. Nf3 Nf6 7. Ne5 Nbd7 8.
Nxg6 hxg6 9. Bc4 e6 10. Bg5 Qa5+ 11. Qd2 Qc7 12. O-O-O Bd6 13. Qe3 O-O-O 14.
Ne4 Be7 15. Bf4 Qa5 16. Bd6 Nxe4 17. Bxe7 Rde8 18. Qxe4 Rxe7 19. d5 Nf6 20. Qe3
cxd5 21. Bb3 Rc7 22. Rd4 Qc5 23. Qd3 Ne4 24. Rf1 Rxh2 25. f3 Ng3 26. Re1 Rxg2
27. c4 Qb4 28. Rd1 Ne2+ 29. Kb1 Nxd4 30. Qxd4 b6 31. Rf1 Qd2 32. Qxg7 d4 33.
Qf8+ Kb7 34. Qa3 Rc5 35. Rh1 Ra5 36. Ba4 Rxa4 37. Qb3 Rb4 38. Qxb4 Qxb4 39. b3
Qc3 0-1

[Event "Obert Figueres Miquel Mas 2010"]
[Site "Figueres ESP"]
[Date "2010.08.12"]
[Round "2.31"]
[White "Mirasol Obrador, Miquel"]
[Black "Puigvert Vigo, Lluis"]
[Result "1-0"]
[WhiteElo "1832"]
[BlackElo "1493"]
[PlyCount "69"]
[EventDate "2011.08.11"]
[EventType "swiss"]
[EventRounds "9"]
[EventCountry "ESP"]
[Source "lmi"]
[SourceDate "2010.08.11"]

1. d4 Nf6 2. c4 c5 3. e3 g6 4. Nc3 Bg7 5. Nf3 d6 6. dxc5 O-O 7. cxd6 exd6 8.
Be2 b6 9. O-O Bb7 10. Qc2 Nc6 11. Rd1 Qe7 12. a3 Rad8 13. b4 Ne5 14. Nxe5 Qxe5
15. Bb2 Qg5 16. Bf1 Rfe8 17. Nd5 Ng4 18. Bxg7 Kxg7 19. Qb2+ Qe5 20. Qxe5+ dxe5
21. Nc7 Rf8 22. c5 bxc5 23. bxc5 Rc8 24. Rd7 Kh6 25. Ba6 Bxa6 26. Nxa6 Rc6 27.
Rxa7 Rfc8 28. h3 Nf6 29. Rb1 Ne4 30. Rbb7 Nxc5 31. Nxc5 Rxc5 32. Rxf7 Rh8 33.
Rfe7 g5 34. Ra6+ Kh5 35. g4+ 1-0

[Event "Obert Figueres Miquel Mas 2010"]
[Site "Figueres ESP"]
[Date "2010.08.12"]
[Round "2.32"]
[White "Garcia Castany, Jose"]
[Black "Sanchez Cobo, Javier"]
[Result "0-1"]
[WhiteElo "1477"]
[BlackElo "1832"]
[PlyCount "108"]
[EventDate "2011.08.11"]
[EventType "swiss"]
[EventRounds "9"]
[EventCountry "ESP"]
[Source "lmi"]
[SourceDate "2010.08.11"]

1. d4 c5 2. dxc5 Qa5+ 3. Nc3 Qxc5 4. g3 Nf6 5. Bg2 g6 6. h3 Bg7 7. Be3 Qc7 8.
Qd2 O-O 9. Bh6 Nc6 10. Bxg7 Kxg7 11. a3 d6 12. Nf3 Bd7 13. Rb1 Rad8 14. b4 b6
15. O-O a6 16. Qd3 Qc8 17. Kh2 Bf5 18. e4 Be6 19. Ng5 Bd7 20. Nd5 b5 21. Nb6
Qb8 22. Nxd7 Rxd7 23. Rb3 Ne5 24. Qd4 Rc8 25. Rc3 Nc4 26. f4 h6 27. Nf3 e5 28.
Qd3 exf4 29. gxf4 Kh7 30. Nd2 d5 31. exd5 Nxd2 32. Qxd2 Rcd8 33. Rd3 Nh5 34.
Rd4 f5 35. Qd3 Nf6 36. c4 bxc4 37. Qxc4 Kg7 38. Qxa6 Nxd5 39. Rxd5 Rxd5 40.
Bxd5 Rxd5 41. Qe2 Qd6 42. Rf2 g5 43. Qe3 h5 44. Kg2 g4 45. Re2 gxh3+ 46. Qxh3
Rd3 47. Re3 Rd2+ 48. Kg3 Qg6+ 49. Kf3 Qc6+ 50. Kg3 Qg6+ 51. Kh4 Qf6+ 52. Kg3
Qg6+ 53. Kf3 h4 54. Qxh4 Qg2# 0-1

[Event "Obert Figueres Miquel Mas 2010"]
[Site "Figueres ESP"]
[Date "2010.08.12"]
[Round "2.33"]
[White "Altimira Roses, Jordi"]
[Black "Asensio Graells, Ricard"]
[Result "1-0"]
[WhiteElo "1828"]
[BlackElo "1489"]
[PlyCount "105"]
[EventDate "2011.08.11"]
[EventType "swiss"]
[EventRounds "9"]
[EventCountry "ESP"]
[Source "lmi"]
[SourceDate "2010.08.11"]

1. e4 d5 2. exd5 Nf6 3. Bb5+ Bd7 4. Bc4 Bg4 5. f3 Bf5 6. Nc3 c6 7. dxc6 Nxc6 8.
d3 Na5 9. Bb5+ Bd7 10. Bxd7+ Qxd7 11. Nge2 e6 12. Bg5 Nc6 13. Qd2 e5 14. a3 Nd5
15. O-O Bc5+ 16. Kh1 f6 17. Nxd5 fxg5 18. Nec3 h6 19. Rae1 O-O-O 20. b4 Bd4 21.
b5 Ne7 22. Nxe7+ Qxe7 23. Nb1 Rhf8 24. c3 Bb6 25. Qc2 Qd6 26. Rd1 Bc7 27. g3
Rf7 28. a4 Qf8 29. Qe2 Bb6 30. Qe4 Rd6 31. Nd2 Rf5 32. Nc4 Rdf6 33. Nxb6+ axb6
34. Kg2 h5 35. h3 h4 36. g4 Rf4 37. Qe3 Rxa4 38. Ra1 Rxa1 39. Rxa1 Kc7 40.
Qxe5+ Rd6 41. Ra4 Qf6 42. Re4 Qxe5 43. Rxe5 Rxd3 44. Rxg5 Rxc3 45. Rxg7+ Kc8
46. Rh7 Rc2+ 47. Kf1 Rc1+ 48. Ke2 Rb1 49. Rh5 Rb2+ 50. Kd3 Rb3+ 51. Ke4 Rb4+
52. Kd5 Rxb5+ 53. Kd6 1-0

[Event "Obert Figueres Miquel Mas 2010"]
[Site "Figueres ESP"]
[Date "2010.08.12"]
[Round "2.34"]
[White "Regincos Oliva, Laura"]
[Black "Ruiz Munoz, Jose Carlos"]
[Result "0-1"]
[WhiteElo "1337"]
[BlackElo "1820"]
[PlyCount "72"]
[EventDate "2011.08.11"]
[EventType "swiss"]
[EventRounds "9"]
[EventCountry "ESP"]
[Source "lmi"]
[SourceDate "2010.08.11"]

1. Nf3 c5 2. b3 d5 3. e3 Nc6 4. Bb2 Bg4 5. Be2 Nf6 6. O-O Qc7 7. d3 e6 8. Nbd2
Be7 9. c4 dxc4 10. dxc4 Rd8 11. Qc2 Nb4 12. Qc3 O-O 13. a3 Nc6 14. Rfe1 Rd7 15.
b4 cxb4 16. axb4 Bxb4 17. Qc2 Bf5 18. e4 Bg6 19. Red1 Rfd8 20. Ra2 Bxd2 21.
Rxd2 Nxe4 22. Rxd7 Rxd7 23. Ra1 Ng3 24. Bd3 Bxd3 25. Qd2 Bg6 26. Qg5 Nf5 27.
Nh4 Qd8 28. Qxd8+ Rxd8 29. Nxg6 hxg6 30. g3 Rd2 31. Bc3 Rc2 32. Ra3 Nd6 33. f3
Nxc4 34. Rb3 b6 35. Be1 Rc1 36. Kf2 Rc2+ 0-1

[Event "Obert Figueres Miquel Mas 2010"]
[Site "Figueres ESP"]
[Date "2010.08.12"]
[Round "2.35"]
[White "Garcia, Richard"]
[Black "Cano Egea, Joan Manuel"]
[Result "1/2-1/2"]
[WhiteElo "1761"]
[BlackElo "1441"]
[PlyCount "120"]
[EventDate "2011.08.11"]
[EventType "swiss"]
[EventRounds "9"]
[EventCountry "ESP"]
[Source "lmi"]
[SourceDate "2010.08.11"]

1. d4 d5 2. Nf3 Nf6 3. Bf4 e6 4. e3 Be7 5. Be2 O-O 6. h3 b6 7. O-O Bb7 8. Nbd2
Nbd7 9. c4 c5 10. Qa4 dxc4 11. Nxc4 Nd5 12. Bh2 cxd4 13. exd4 N7f6 14. Rac1 Qd7
15. Qb3 Rac8 16. Nce5 Qd8 17. Qa4 a5 18. Bb5 Bd6 19. Bc6 Qe7 20. Bxb7 Qxb7 21.
Nd2 Rxc1 22. Rxc1 Rc8 23. Rxc8+ Qxc8 24. Qc6 Qxc6 25. Nxc6 Bxh2+ 26. Kxh2 Kf8
27. Nc4 Ke8 28. N6e5 Ke7 29. Kg3 Nd7 30. f4 Nxe5 31. dxe5 Kd7 32. Kf3 Kc6 33.
Nd6 f6 34. Ne8 fxe5 35. fxe5 g6 36. Nf6 Nb4 37. Nxh7 Nxa2 38. Nf8 Nb4 39. Ke4
Nd5 40. Nxg6 b5 41. Kd4 a4 42. h4 b4 43. Kc4 a3 44. bxa3 bxa3 45. Kb3 Ne3 46.
Kxa3 Ng4 47. Nf4 Kc5 48. Nxe6+ Kd5 49. Nf4+ Kxe5 50. g3 Ke4 51. Kb3 Kf3 52. Nh5
Nh6 53. Kc4 Kg4 54. Ng7 Kxg3 55. h5 Kg4 56. Kd5 Kg5 57. Ke6 Ng8 58. Kf7 Nh6+
59. Kf8 Kf6 60. Ne8+ Kg5 1/2-1/2

[Event "Obert Figueres Miquel Mas 2010"]
[Site "Figueres ESP"]
[Date "2010.08.12"]
[Round "2.36"]
[White "Trias Punset, Carles"]
[Black "Cantenys Pages, Carles"]
[Result "1-0"]
[WhiteElo "1739"]
[BlackElo "1490"]
[PlyCount "60"]
[EventDate "2011.08.11"]
[EventType "swiss"]
[EventRounds "9"]
[EventCountry "ESP"]
[Source "lmi"]
[SourceDate "2010.08.11"]

1. d4 d5 2. Nf3 Nf6 3. g3 e6 4. Bg2 Be7 5. O-O O-O 6. c3 c5 7. Bg5 cxd4 8. cxd4
Nc6 9. e3 Bd7 10. Nbd2 Rc8 11. a3 a6 12. Rc1 Qb6 13. Qb3 Qa7 14. Ne5 Na5 15.
Qa2 Bb5 16. Rfe1 h6 17. Bxf6 Bxf6 18. Nef3 Nc4 19. Bf1 Nxd2 20. Nxd2 Bxf1 21.
Rxf1 a5 22. Nb3 b6 23. Qb1 Qd7 24. Rxc8 Rxc8 25. Rc1 Rxc1+ 26. Qxc1 e5 27. Qc3
e4 28. Nd2 Be7 29. Nb1 Qg4 30. Nd2 h5 1-0

[Event "Obert Figueres Miquel Mas 2010"]
[Site "Figueres ESP"]
[Date "2010.08.12"]
[Round "2.37"]
[White "Sanchez Urpi, Xavier"]
[Black "Pinsach Gelabert, Alexandre"]
[Result "0-1"]
[WhiteElo "1370"]
[BlackElo "1735"]
[PlyCount "50"]
[EventDate "2011.08.11"]
[EventType "swiss"]
[EventRounds "9"]
[EventCountry "ESP"]
[Source "lmi"]
[SourceDate "2010.08.11"]

1. e4 c6 2. Nf3 d5 3. exd5 cxd5 4. Be2 Nc6 5. h3 e5 6. d3 Nf6 7. O-O Bd6 8. Bg5
Be6 9. Nc3 a6 10. a3 Qd7 11. Rb1 h6 12. Bd2 Rd8 13. Qc1 Bb8 14. Na2 Qc7 15. Ne1
Nd4 16. Nc3 e4 17. f4 exf3 18. Nxf3 Nxf3+ 19. Bxf3 Bxh3 20. Re1+ Be6 21. Kf1
Qg3 22. Ke2 Ng4 23. Rf1 Nh2 24. Be1 Qe5+ 25. Kf2 Ba7+ 0-1

[Event "Obert Figueres Miquel Mas 2010"]
[Site "Figueres ESP"]
[Date "2010.08.13"]
[Round "3.2"]
[White "Alonso Rosell, Alvar"]
[Black "Colls Gelaberto, Emili"]
[Result "1-0"]
[WhiteElo "2521"]
[BlackElo "2247"]
[PlyCount "67"]
[EventDate "2011.08.11"]
[EventType "swiss"]
[EventRounds "9"]
[EventCountry "ESP"]
[Source "lmi"]
[SourceDate "2010.08.11"]

1. d4 Nf6 2. c4 g6 3. Nf3 Bg7 4. g3 O-O 5. Bg2 d6 6. O-O c6 7. Nc3 Qa5 8. e4 e5
9. h3 Nbd7 10. Re1 exd4 11. Nxd4 Ne5 12. Bf1 Re8 13. Be3 c5 14. Nb3 Qb4 15. a3
Qb6 16. Nd2 Be6 17. b4 Qd8 18. bxc5 dxc5 19. Qc2 b6 20. Rad1 Qc8 21. f4 Nc6 22.
Kh2 Nd4 23. Bxd4 cxd4 24. Nb5 Bf8 25. e5 Nd7 26. Ne4 Bf5 27. Nxd4 Bxe4 28. Qxe4
Nc5 29. Qf3 Qa6 30. f5 Rad8 31. e6 Qb7 32. Qxb7 Nxb7 33. Bg2 Na5 34. Bd5 1-0

[Event "Obert Figueres Miquel Mas 2010"]
[Site "Figueres ESP"]
[Date "2010.08.13"]
[Round "3.3"]
[White "Martinez Duany, Lelys Stanley"]
[Black "Casanellas Ruano, Lluis"]
[Result "1/2-1/2"]
[WhiteElo "2510"]
[BlackElo "2182"]
[PlyCount "90"]
[EventDate "2011.08.11"]
[EventType "swiss"]
[EventRounds "9"]
[EventCountry "ESP"]
[Source "lmi"]
[SourceDate "2010.08.11"]

1. e4 c6 2. d4 d5 3. exd5 cxd5 4. c4 Nf6 5. Nc3 e6 6. Nf3 Be7 7. Bd3 dxc4 8.
Bxc4 O-O 9. O-O a6 10. Qe2 b5 11. Bb3 Bb7 12. Rd1 Nd5 13. Ne5 Nxc3 14. bxc3 Nd7
15. Qg4 Nf6 16. Qh3 Rc8 17. Bg5 Ne4 18. Bxe7 Qxe7 19. Rd3 Rc7 20. Re1 Qf6 21.
Ng4 Qf5 22. Rg3 Kh8 23. Rge3 Nf6 24. Nxf6 Qxh3 25. Rxh3 gxf6 26. Rd3 Rfc8 27.
Ree3 f5 28. d5 f4 29. Rh3 Bxd5 30. Bxd5 exd5 31. Kf1 Rc4 32. Rhf3 Ra4 33. g3
fxg3 34. hxg3 Rc7 35. Rxd5 Rxa2 36. Rg5 h6 37. Rd5 Kg7 38. Rf4 Rc6 39. Rdf5 f6
40. Rd5 Ra4 41. Rxa4 bxa4 42. Ra5 Rxc3 43. Rxa4 Rc6 44. Ra5 Rb6 45. Kg2 Kf7
1/2-1/2

[Event "Obert Figueres Miquel Mas 2010"]
[Site "Figueres ESP"]
[Date "2010.08.13"]
[Round "3.4"]
[White "Huerga Leache, Mikel"]
[Black "Vidal Zamora, Alex"]
[Result "0-1"]
[WhiteElo "2424"]
[BlackElo "2150"]
[PlyCount "74"]
[EventDate "2011.08.11"]
[EventType "swiss"]
[EventRounds "9"]
[EventCountry "ESP"]
[Source "lmi"]
[SourceDate "2010.08.11"]

1. e4 c5 2. Nf3 e6 3. d4 cxd4 4. Nxd4 a6 5. c4 Nf6 6. Nc3 d6 7. Be3 Be7 8. Be2
O-O 9. O-O b6 10. Qd2 Bb7 11. f3 Nbd7 12. a3 Rc8 13. Rfc1 Qc7 14. b4 Qb8 15.
Kh1 Bd8 16. Bg1 Bc7 17. Rc2 Rfd8 18. Rb1 Ne5 19. Na4 d5 20. exd5 exd5 21. c5 b5
22. c6 bxa4 23. cxb7 Qxb7 24. Nf5 Ng6 25. Qd3 Be5 26. Rbc1 Rxc2 27. Qxc2 d4 28.
Rd1 Qb6 29. Nxd4 Bxd4 30. Rxd4 Rxd4 31. Qc3 Qe6 32. Bxd4 Qxe2 33. h3 Nf4 34.
Qc8+ Ne8 35. Qg4 Qd1+ 36. Bg1 Ne2 37. Qxg7+ Nxg7 0-1

[Event "Obert Figueres Miquel Mas 2010"]
[Site "Figueres ESP"]
[Date "2010.08.13"]
[Round "3.5"]
[White "Anikaev, Yuri N"]
[Black "Gomez, Gustavo Pizzocaro"]
[Result "1-0"]
[WhiteElo "2411"]
[BlackElo "2142"]
[PlyCount "61"]
[EventDate "2011.08.11"]
[EventType "swiss"]
[EventRounds "9"]
[EventCountry "ESP"]
[Source "lmi"]
[SourceDate "2010.08.11"]

1. Nf3 Nf6 2. c4 e6 3. g3 d5 4. Bg2 Be7 5. O-O O-O 6. b3 b6 7. e3 Bb7 8. Bb2 c5
9. Qe2 Nbd7 10. Rd1 Rc8 11. Nc3 Qc7 12. Rac1 Qb8 13. d3 Rfe8 14. e4 d4 15. Nb1
Nf8 16. Rf1 Ng6 17. Rce1 Rcd8 18. Bc1 e5 19. Ng5 Bd6 20. Nh3 Bc8 21. Bg5 Be7
22. f4 exf4 23. Nxf4 Ne5 24. Bh3 h6 25. Bxf6 Bxf6 26. Bxc8 Qxc8 27. Na3 Bg5 28.
Nd5 Qh3 29. Rd1 f5 30. Rxf5 Qxf5 31. exf5 1-0

[Event "Obert Figueres Miquel Mas 2010"]
[Site "Figueres ESP"]
[Date "2010.08.13"]
[Round "3.6"]
[White "Vilar Lopez, Monica"]
[Black "Carlstedt, Jonathan"]
[Result "0-1"]
[WhiteElo "2166"]
[BlackElo "2379"]
[PlyCount "92"]
[EventDate "2011.08.11"]
[EventType "swiss"]
[EventRounds "9"]
[EventCountry "ESP"]
[Source "lmi"]
[SourceDate "2010.08.11"]

1. e4 c5 2. Nc3 Nc6 3. g3 e6 4. Bg2 Nf6 5. d3 Be7 6. Nf3 O-O 7. O-O b6 8. Re1
Bb7 9. h3 Rc8 10. Be3 d5 11. exd5 exd5 12. d4 Ba8 13. Ne2 Ne4 14. c3 Na5 15.
Nd2 Nd6 16. Nb3 Nac4 17. dxc5 Nf5 18. Bf4 bxc5 19. Qc2 g6 20. Rad1 Bf6 21. Nd2
Nb6 22. Ne4 Be7 23. Nc1 Bc6 24. h4 f6 25. Ne2 Ba4 26. b3 Bd7 27. Nd2 Re8 28. c4
Nd4 29. Nxd4 cxd4 30. Qd3 Bc5 31. cxd5 Bg4 32. Rc1 Kg7 33. Kh2 Rxe1 34. Rxe1
Nxd5 35. Ne4 Nxf4 36. gxf4 Bb4 37. Rg1 Bd6 38. Nxd6 Qxd6 39. Qd2 d3 40. Be4 Rc2
41. Qe3 Re2 42. Qxa7+ Kh6 43. Rxg4 Rxe4 44. h5 Rxf4 45. Rxf4 Qxf4+ 46. Kg2 d2
0-1

[Event "Obert Figueres Miquel Mas 2010"]
[Site "Figueres ESP"]
[Date "2010.08.13"]
[Round "3.7"]
[White "Sorbe, Stephane"]
[Black "Perez Lopez, Alfonso"]
[Result "1-0"]
[WhiteElo "2358"]
[BlackElo "1905"]
[PlyCount "45"]
[EventDate "2011.08.11"]
[EventType "swiss"]
[EventRounds "9"]
[EventCountry "ESP"]
[Source "lmi"]
[SourceDate "2010.08.11"]

1. e4 c6 2. d4 d5 3. e5 Bf5 4. Be2 e6 5. Be3 Qa5+ 6. Nd2 c5 7. Ngf3 h6 8. O-O
cxd4 9. Nxd4 Ne7 10. c4 Nbc6 11. Nb5 Nc8 12. cxd5 exd5 13. Nb3 Qd8 14. Qxd5 Be7
15. Qf3 Bd7 16. Qg3 g6 17. e6 Bxe6 18. Rfd1 Bd7 19. Nc7+ Kf8 20. Nxa8 Bf6 21.
Bg4 Ne5 22. Bxd7 Nxd7 23. Nc5 1-0

[Event "Obert Figueres Miquel Mas 2010"]
[Site "Figueres ESP"]
[Date "2010.08.13"]
[Round "3.8"]
[White "Sorroche Martin, Jose Maria"]
[Black "Lillo Castay, Victor"]
[Result "1-0"]
[WhiteElo "2147"]
[BlackElo "2284"]
[PlyCount "67"]
[EventDate "2011.08.11"]
[EventType "swiss"]
[EventRounds "9"]
[EventCountry "ESP"]
[Source "lmi"]
[SourceDate "2010.08.11"]

1. e4 c5 2. Nf3 d6 3. Bb5+ Nd7 4. O-O Ngf6 5. Re1 a6 6. Bf1 g6 7. c3 Bg7 8. d4
cxd4 9. cxd4 d5 10. e5 Ne4 11. Qb3 Nb8 12. Nbd2 O-O 13. Nxe4 dxe4 14. Rxe4 Be6
15. Bc4 Bf5 16. Rh4 Nc6 17. Bd2 b5 18. Bd5 Rc8 19. Rc1 Qb6 20. Ng5 e6 21. Bxc6
Rxc6 22. Nxh7 Rxc1+ 23. Bxc1 Qa5 24. Qe3 Rc8 25. Nf6+ Kf8 26. Nd7+ Kg8 27. Bd2
Qd8 28. Nf6+ Bxf6 29. exf6 Qxf6 30. g3 Bb1 31. Bb4 Qg7 32. Be7 Bxa2 33. Qg5 Bd5
34. f3 1-0

[Event "Obert Figueres Miquel Mas 2010"]
[Site "Figueres ESP"]
[Date "2010.08.13"]
[Round "3.10"]
[White "Criado Toledo, Llorens"]
[Black "Barria Zuniga, Daniel"]
[Result "0-1"]
[WhiteElo "2030"]
[BlackElo "2419"]
[PlyCount "30"]
[EventDate "2011.08.11"]
[EventType "swiss"]
[EventRounds "9"]
[EventCountry "ESP"]
[Source "lmi"]
[SourceDate "2010.08.11"]

1. d4 Nf6 2. Nf3 e6 3. c4 d5 4. Nc3 Bb4 5. Qb3 c5 6. e3 Nc6 7. cxd5 exd5 8. Be2
O-O 9. O-O c4 10. Qc2 Re8 11. Rd1 Bg4 12. b3 Bxc3 13. Qxc3 Ne4 14. Qc2 Nb4 15.
Qb2 c3 0-1

[Event "Obert Figueres Miquel Mas 2010"]
[Site "Figueres ESP"]
[Date "2010.08.13"]
[Round "3.11"]
[White "Vehi Bach, Victor Manuel"]
[Black "Triadu Cassa, Jordi"]
[Result "1-0"]
[WhiteElo "2405"]
[BlackElo "2025"]
[PlyCount "100"]
[EventDate "2011.08.11"]
[EventType "swiss"]
[EventRounds "9"]
[EventCountry "ESP"]
[Source "lmi"]
[SourceDate "2010.08.11"]

1. e4 e5 2. Nf3 Nc6 3. Bc4 Nf6 4. d3 Be7 5. O-O d6 6. c3 O-O 7. Re1 Na5 8. Bb5
a6 9. Ba4 b5 10. Bc2 c5 11. Nbd2 Qc7 12. Nf1 Nc6 13. Ne3 Be6 14. Ng5 Bc8 15. h3
h6 16. Nf3 Be6 17. d4 cxd4 18. cxd4 exd4 19. Nxd4 Nxd4 20. Qxd4 Qc5 21. Qd3
Rfc8 22. Bd2 Bc4 23. Nxc4 Qxc4 24. Qxc4 Rxc4 25. Bb3 Rc7 26. Ba5 Rd7 27. Rac1
Bd8 28. Bxd8 Rdxd8 29. Rc7 Rd7 30. Rxd7 Nxd7 31. Rc1 Nc5 32. Bd5 Ra7 33. e5 Ne6
34. exd6 Rd7 35. Rc8+ Kh7 36. Bxe6 fxe6 37. Rc6 a5 38. f4 Kg6 39. Kf2 Kf6 40.
g4 g6 41. Ke3 e5 42. fxe5+ Kxe5 43. Rc5+ Kxd6 44. Rxb5 Re7+ 45. Kd3 Rf7 46.
Rxa5 Rf3+ 47. Kc4 Rxh3 48. Ra6+ Ke5 49. Rxg6 Rh4 50. b4 Kf4 1-0

[Event "Obert Figueres Miquel Mas 2010"]
[Site "Figueres ESP"]
[Date "2010.08.13"]
[Round "3.12"]
[White "Cuadras Avellana, Jorge"]
[Black "Colls Bosch, Emili"]
[Result "1-0"]
[WhiteElo "2305"]
[BlackElo "2010"]
[PlyCount "37"]
[EventDate "2011.08.11"]
[EventType "swiss"]
[EventRounds "9"]
[EventCountry "ESP"]
[Source "lmi"]
[SourceDate "2010.08.11"]

1. e4 Nf6 2. e5 Nd5 3. d4 d6 4. Nf3 dxe5 5. Nxe5 g6 6. Bc4 c6 7. Nc3 Be6 8. Qe2
Nxc3 9. Bxe6 fxe6 10. bxc3 Bg7 11. O-O Qa5 12. Nc4 Qd5 13. Re1 Kf7 14. Ne3 Qd6
15. Ba3 Qf4 16. Nd5 Qf5 17. Nc7 Nd7 18. Rad1 Rad8 19. g4 1-0

[Event "Obert Figueres Miquel Mas 2010"]
[Site "Figueres ESP"]
[Date "2010.08.13"]
[Round "3.15"]
[White "Parals Marce, Luis"]
[Black "Diaz Comas, Jordi"]
[Result "1-0"]
[WhiteElo "2058"]
[BlackElo "1918"]
[PlyCount "101"]
[EventDate "2011.08.11"]
[EventType "swiss"]
[EventRounds "9"]
[EventCountry "ESP"]
[Source "lmi"]
[SourceDate "2010.08.11"]

1. Nf3 d5 2. d4 Nf6 3. c4 e6 4. b3 dxc4 5. bxc4 Bb4+ 6. Bd2 Bxd2+ 7. Nbxd2 c5
8. e3 Nbd7 9. Be2 b6 10. O-O O-O 11. Qc2 Bb7 12. Rad1 Qc7 13. Ne1 Rac8 14. Bf3
Rfd8 15. Bxb7 Qxb7 16. Nef3 Qc6 17. Rc1 h6 18. Rfd1 Nf8 19. Ne5 Qc7 20. Nb3
N8d7 21. f4 cxd4 22. exd4 Nd5 23. Qf2 Ne7 24. Qe2 Qb7 25. Re1 Nf5 26. Nxf7 Nxd4
27. Nxd4 Kxf7 28. Qxe6+ Kf8 29. Qe7+ Kg8 30. Nf5 Nc5 31. Qxb7 Nxb7 32. Ne7+ Kf7
33. Nxc8 Rxc8 34. Rcd1 Na5 35. Rd7+ Kf6 36. Ree7 Rxc4 37. Rxg7 Rc1+ 38. Kf2
Rc2+ 39. Kf3 Rxa2 40. Rxa7 Ra3+ 41. Kg4 Ra2 42. Kf3 Ra3+ 43. Ke4 Ra1 44. Raf7+
Ke6 45. f5+ Kd6 46. Rf6+ Kc5 47. Rxh6 Re1+ 48. Kd3 b5 49. f6 Nc6 50. Rh5+ Kb4
51. Rgg5 1-0

[Event "Obert Figueres Miquel Mas 2010"]
[Site "Figueres ESP"]
[Date "2010.08.13"]
[Round "3.16"]
[White "Aroshidze, Levan"]
[Black "Padrosa Baro, Carles"]
[Result "1-0"]
[WhiteElo "2548"]
[BlackElo "1862"]
[PlyCount "63"]
[EventDate "2011.08.11"]
[EventType "swiss"]
[EventRounds "9"]
[EventCountry "ESP"]
[Source "lmi"]
[SourceDate "2010.08.11"]

1. e4 c5 2. Nf3 e6 3. d4 cxd4 4. Nxd4 a6 5. Bd3 Qc7 6. O-O Nf6 7. c4 Nc6 8.
Nxc6 dxc6 9. f4 Bc5+ 10. Kh1 e5 11. f5 Bd7 12. Nc3 h5 13. Bg5 Ng4 14. Qe2 f6
15. Bd2 O-O-O 16. Na4 Bd4 17. c5 Be8 18. Rac1 Nf2+ 19. Rxf2 Bxf2 20. Bxa6 bxa6
21. Qxf2 Rd4 22. Nb6+ Kb7 23. Nc4 Bf7 24. Nd6+ Rxd6 25. cxd6 Qxd6 26. Ba5 Qd4
27. Qc2 Rc8 28. Rd1 Qc4 29. Rd7+ Ka8 30. Qd1 Qxa2 31. Rd8 Rxd8 32. Qxd8+ 1-0

[Event "Obert Figueres Miquel Mas 2010"]
[Site "Figueres ESP"]
[Date "2010.08.13"]
[Round "3.17"]
[White "Puig Carres, Josep"]
[Black "Adrian, Claude"]
[Result "0-1"]
[WhiteElo "1839"]
[BlackElo "2292"]
[PlyCount "42"]
[EventDate "2011.08.11"]
[EventType "swiss"]
[EventRounds "9"]
[EventCountry "ESP"]
[Source "lmi"]
[SourceDate "2010.08.11"]

1. c4 e6 2. Nf3 Nf6 3. g3 a6 4. Bg2 b5 5. cxb5 axb5 6. Nd4 c6 7. Nxb5 cxb5 8.
Bxa8 d5 9. Qc2 Bd7 10. e4 Nxe4 11. O-O h5 12. d3 Nd6 13. Bxd5 exd5 14. Bd2 Qb6
15. Re1+ Be6 16. Qb3 Be7 17. Nc3 d4 18. Nd5 Qb7 19. Re5 Nc6 20. Rxe6 fxe6 21.
Nf4 Ne5 0-1

[Event "Obert Figueres Miquel Mas 2010"]
[Site "Figueres ESP"]
[Date "2010.08.13"]
[Round "3.19"]
[White "Alberto, Manuel"]
[Black "Sanchez Cobo, Javier"]
[Result "1-0"]
[WhiteElo "2140"]
[BlackElo "1832"]
[PlyCount "33"]
[EventDate "2011.08.11"]
[EventType "swiss"]
[EventRounds "9"]
[EventCountry "ESP"]
[Source "lmi"]
[SourceDate "2010.08.11"]

1. e4 c5 2. Nf3 g6 3. d4 cxd4 4. Qxd4 Nf6 5. e5 Nc6 6. Qa4 Nd5 7. Bb5 Nb6 8.
Qh4 Bg7 9. Bh6 Rg8 10. Bxg7 Rxg7 11. Nc3 e6 12. Qh6 Kf8 13. O-O-O a6 14. Bxc6
bxc6 15. Ng5 d5 16. Nce4 Nd7 17. Nxh7+ 1-0

[Event "Obert Figueres Miquel Mas 2010"]
[Site "Figueres ESP"]
[Date "2010.08.13"]
[Round "3.20"]
[White "Ruiz Munoz, Jose Carlos"]
[Black "Gonzalez Manchon, Juan Miguel"]
[Result "0-1"]
[WhiteElo "1820"]
[BlackElo "2110"]
[PlyCount "108"]
[EventDate "2011.08.11"]
[EventType "swiss"]
[EventRounds "9"]
[EventCountry "ESP"]
[Source "lmi"]
[SourceDate "2010.08.11"]

1. e4 e5 2. Nf3 Nc6 3. Bb5 a6 4. Ba4 Nf6 5. O-O Be7 6. Re1 b5 7. Bb3 d6 8. d3
O-O 9. Bg5 Nh5 10. Bxe7 Qxe7 11. Nc3 Nf4 12. Nd5 Nxd5 13. Bxd5 Bd7 14. Qd2 Rac8
15. Qc3 Nd8 16. Qa5 c6 17. Bb3 Ra8 18. Qd2 a5 19. a4 b4 20. d4 Nb7 21. dxe5
dxe5 22. Nxe5 Qxe5 23. Qxd7 Nc5 24. Qxc6 Nxb3 25. cxb3 Rac8 26. Qd5 Qxb2 27.
Rab1 Qa2 28. Rec1 Rfd8 29. Qxa5 Qd2 30. Rxc8 Rxc8 31. Rf1 h6 32. Qd5 Qxd5 33.
exd5 Rc3 34. Rd1 Kf8 35. Rb1 Ke7 36. f3 Kd6 37. Kf2 Kxd5 38. Rb2 Kd4 39. Ke2
Re3+ 40. Kf2 Rd3 41. Ke2 Kc3 42. h3 Rd6 43. Rb1 Kc2 44. Ra1 Kxb3 45. a5 Ra6 46.
Kd3 Kb2 47. Ra4 b3 48. Kc4 Kc2 49. Kb5 Ra8 50. Rc4+ Kd3 51. Rc1 b2 52. Re1 Rb8+
53. Kc6 Rc8+ 54. Kb7 Rc1 0-1

[Event "Obert Figueres Miquel Mas 2010"]
[Site "Figueres ESP"]
[Date "2010.08.13"]
[Round "3.21"]
[White "Garcia-Castany Musellas, Gal La"]
[Black "Ferreira, Kleber Victor"]
[Result "1-0"]
[WhiteElo "1753"]
[BlackElo "2107"]
[PlyCount "87"]
[EventDate "2011.08.11"]
[EventType "swiss"]
[EventRounds "9"]
[EventCountry "ESP"]
[Source "lmi"]
[SourceDate "2010.08.11"]

1. e4 e5 2. Nf3 Nc6 3. Bb5 Bc5 4. O-O Qf6 5. c3 Nge7 6. d3 h6 7. Nbd2 O-O 8. b4
Bb6 9. Bc4 d6 10. h3 Ng6 11. Re1 Nf4 12. Nf1 Be6 13. Ne3 Bxh3 14. gxh3 Bxe3 15.
Rxe3 Qg6+ 16. Kf1 Qh5 17. Ke1 Ng2+ 18. Ke2 Nd4+ 19. Kd2 Nxe3 20. Kxe3 b5 21.
cxd4 bxc4 22. dxe5 dxe5 23. Bb2 f5 24. Nxe5 f4+ 25. Kd2 f3 26. Qg1 Rad8 27.
Nxc4 Qf7 28. Qg3 g5 29. Qe5 Kh7 30. Ne3 Qd7 31. Nd5 c6 32. Qe7+ Kg6 33. Qxd7
Rxd7 34. Ne3 Rf4 35. Rc1 Rxe4 36. Rxc6+ Kh7 37. Rc7 Ree7 38. Rxd7 Rxd7 39. Ng4
Rb7 40. Bc3 Kg6 41. Ne5+ Kf5 42. Nxf3 Kf4 43. Ke2 h5 44. Bd2+ 1-0